000
00185 a2200097 4500
020
_a
9781561456932
041
_a
eng
100
_a
Anonimo
245
_a
A placer for Turtles
942
_c
BK
999
_c
11629
_d
11629